Report of the fourth session of the JSC/CCCO Working Group on Satellite Observing Systems For Climate Research : Tokyo, Japan, 20-24 October 1986.

Bibliographic Details
Corporate Authors: JSC/CCCO Working Group on Satellite Observing Systems for Climate Research, World Meteorological Organization, World Climate Programme
Format: Book
Language:English
Published: [Geneva] : World Meteorological Organization, 1987.
Series:WCP (Series) ; no. 124.
WMO/TD ; no. 162.
Subjects:

MARC

Tag First Indicator Second Indicator Subfields
LEADER 00000cam a2200000 a 4500
001 in00000783137
005 20151017054527.0
008 870609s1987 sz 10010 eng d
035 |a (OCoLC)15868742 
035 |9 ADL8857AM 
040 |a CON  |c CON  |d m/c  |d TXA  |d UtOrBLW 
049 1 |a TXA2 
090 |a QC866  |b .W6 no. 124 
110 2 |a JSC/CCCO Working Group on Satellite Observing Systems for Climate Research  |n (4th session :  |d 1986 :  |c Tokyo, Japan) 
245 1 0 |a Report of the fourth session of the JSC/CCCO Working Group on Satellite Observing Systems For Climate Research :  |b Tokyo, Japan, 20-24 October 1986. 
264 1 |a [Geneva] :  |b World Meteorological Organization,  |c 1987. 
300 |a 38 unnumbered pages ;  |c 30 cm. 
336 |a text  |b txt  |2 rdacontent 
337 |a unmediated  |b n  |2 rdamedia 
338 |a volume  |b nc  |2 rdacarrier 
490 1 |a WMO/TD ;  |v no. 162 
490 1 |a WCP ;  |v no. 124 
500 |a At head of title: World Climate Research Programme. 
500 |a Title from cover. 
500 |a "February 1987." 
650 0 |a Meteorological satellites  |x Congresses. 
710 2 |a World Meteorological Organization. 
710 2 |a World Climate Programme. 
830 0 |a WCP (Series) ;  |v no. 124. 
830 0 |a WMO/TD ;  |v no. 162. 
999 |a MARS 
999 f f |s 73493b03-dc5f-3eeb-b8da-923853d28788  |i c1fd195a-fefb-3bc4-a18e-a6d1b04448ab  |t 0 
952 f f |p ric  |a Texas A&M University  |b Rellis Campus  |c Joint Library Facility  |d Remote Storage  |t 0  |e QC866 .W6 no. 124  |h Library of Congress classification  |i unmediated -- volume  |m A14809977968 
998 f f |a QC866 .W6 no. 124  |t 0  |l Remote Storage